Artes y joyas del antiguo Ecuador: cultura La Tolita. Exposición del 9 de agosto al 2 de octubre de 1988

Збережено в:
Бібліографічні деталі
Формат: Книга
Мова:Іспанська
Опубліковано: Santiago Museo Chileno de Arte Precolombino 1988
Предмети:
Теги: Додати тег
Немає тегів, Будьте першим, хто поставить тег для цього запису!

MARC

LEADER 00000nam a2200000 a 4500
001 UCL1596
003 CL-VaPUC
008 030911e19880000CL |||||||||||||||||spa|d
082 0 4 |a 709.86  |b ART  |2 21 
245 1 0 |a Artes y joyas del antiguo Ecuador: cultura La Tolita. Exposición del 9 de agosto al 2 de octubre de 1988 
300 |a 31 p 
942 |c BK 
945 |d 20030911 00:00:00  |a cmena 
260 |a Santiago  |b Museo Chileno de Arte Precolombino  |c 1988 
650 0 |a Arte precolombino  |9 330955 
650 7 |a HISTORIA DE ECUADOR  |2 CL-VaPUC  |9 447636 
650 0 |a Creencias religiosas   |9 373391 
583 |a last modification  |c 20030911 00:00:00  |k Rodrigo Vera 
999 |c 305094  |d 305092 
952 |0 0  |1 0  |4 0  |6 709_860000000000000_ART_1988  |7 0  |8 DER_HDC  |9 368065  |a BIBDER  |b BIBDER  |d 2019-11-21  |i 3938972  |l 1  |o 709.86 ART 1988  |p 3938972  |r 2023-01-25  |s 2020-03-16  |w 2019-11-21  |x Ubicación 4to Piso  |y BK  |z Estos recursos deben solicitarse con anticipación  |k DER